| 000 | nam a22 7a 4500 | ||
|---|---|---|---|
| 999 |
_c331377 _d331377 |
||
| 003 | NUST | ||
| 005 | 20170926120117.0 | ||
| 008 | 170926b xxu||||| |||| 00| 0 eng d | ||
| 040 | _c0 | ||
| 082 | _a628 AWN | ||
| 100 |
_aAwan,Ali Asghar _95000 |
||
| 245 |
_aHum aur Hamara Mahool _cAli Asghar Awan |
||
| 260 |
_aIslamabad _bEnvironmental and City plane Division _c1992 |
||
| 300 | _a19p. | ||
| 500 | _aP.B | ||
| 942 |
_2ddc _cBK _kIESE |
||